| 000 | 00935nam a22002297a 4500 | ||
|---|---|---|---|
| 999 |
_c2564 _d2564 |
||
| 003 | AR-CdUCM | ||
| 008 | 190304b ||||| |||| 00| 0 spa d | ||
| 020 | _a84-7232-349-8 | ||
| 040 |
_aMUNICIPALIDAD PROVINCIAL DEL CUSCO _cBIBLIOTECA MUNICIPAL DEL CUSCO |
||
| 082 |
_a321.846 / _bI25 |
||
| 110 |
_aIV encuentro hispano mexicano de científicos sociales _99066 |
||
| 245 | _aIgualdad, desigualdad y equidad en España y México / | ||
| 260 |
_aMadrid : _bInstituto de cooperación Iberoamericana, _c1985. |
||
| 300 |
_a567 paginas ; _c22 cm. |
||
| 505 | _aCrecimiento y distribución -- La igualdad de oportunidades ante la educación en España desde 1970 -- La desigualdad por motivos de sexo y de familia -- Desigualdad territorial ... | ||
| 650 |
_aIgualdad y desigualdad _99067 |
||
| 650 |
_aCrecimiento _96856 |
||
| 650 |
_aDistribución _99068 |
||
| 650 |
_aPoblación urbana _99069 |
||
| 942 |
_2ddc _cLIBROS |
||
| 945 | _aacv | ||